<?xml version="1.0" encoding="UTF-8"?>
<record
    xmlns:xsi="http://www.w3.org/2001/XMLSchema-instance"
    xsi:schemaLocation="http://www.loc.gov/MARC21/slim http://www.loc.gov/standards/marcxml/schema/MARC21slim.xsd"
    xmlns="http://www.loc.gov/MARC21/slim">

  <leader>01832nam a2200265 a 4500</leader>
  <controlfield tag="005">20180803165402.0</controlfield>
  <controlfield tag="008">140129b2004    ck ||||| |||| 00| 0 spa d</controlfield>
  <datafield tag="040" ind1=" " ind2=" ">
    <subfield code="c">CO-BoIH</subfield>
  </datafield>
  <datafield tag="041" ind1=" " ind2=" ">
    <subfield code="a">spa</subfield>
  </datafield>
  <datafield tag="044" ind1=" " ind2=" ">
    <subfield code="a">ck</subfield>
  </datafield>
  <datafield tag="090" ind1=" " ind2=" ">
    <subfield code="a">IAVH</subfield>
    <subfield code="b">01033</subfield>
  </datafield>
  <datafield tag="100" ind1=" " ind2=" ">
    <subfield code="a">Rinc&#xF3;n B., Sof&#xED;a A.</subfield>
    <subfield code="9">4959</subfield>
  </datafield>
  <datafield tag="245" ind1=" " ind2=" ">
    <subfield code="a">Recomendaciones sobre biodiversidad a la gu&#xED;a ambiental ganadera</subfield>
  </datafield>
  <datafield tag="260" ind1=" " ind2=" ">
    <subfield code="a">Bogot&#xE1;</subfield>
    <subfield code="b">Instituto Alexander von Humboldt</subfield>
    <subfield code="c">2004</subfield>
  </datafield>
  <datafield tag="300" ind1=" " ind2=" ">
    <subfield code="a">23 p.</subfield>
  </datafield>
  <datafield tag="520" ind1=" " ind2=" ">
    <subfield code="a">Prevee algunas recomendaciones y lineamientos orientadores gu&#xED;a para prevenir, mitigar y compensar los impactos negativos sobre biodiversidad causados por las actividades del subsector ganadero; presenta tem&#xE1;ticas frente al ordenamiento del predio, alternativas productivas (sistemas agroforestales, implementaci&#xF3;n de cercas vivas, diversificaci&#xF3;n de especies vegetales, implementaci&#xF3;n de las metodolog&#xED;as de labranza m&#xED;nima, corredores biol&#xF3;gicos, conservaci&#xF3;n y uso de razas criollas, medicina veterinaria herbaria, control biol&#xF3;gico, manejo ecol&#xF3;gico y manejo integrado de plagas, uso eficiente del estiercol, abonos verdes y suo racional de fertilizantes qu&#xED;micos, rotaci&#xF3;n de potreros y manejo apropiado de praderas, manejo de la sucesi&#xF3;n vegetal controlando el sobrepastoreo y podas manuales) y la adopci&#xF3;n de medidas de prevenci&#xF3;n, mitigaci&#xF3;n y compensaci&#xF3;n de los impactos a generar con la apertura y matenimiento de la v&#xED;a. No apertura de nuevas &#xE1;reas ganaderas, v&#xED;as o trochas a partir de bosques naturales u otros ecosistemas naturales</subfield>
  </datafield>
  <datafield tag="650" ind1=" " ind2=" ">
    <subfield code="a">Subsector ganadero</subfield>
    <subfield code="9">5788</subfield>
  </datafield>
  <datafield tag="650" ind1=" " ind2=" ">
    <subfield code="a">Lineamientos</subfield>
    <subfield code="9">5463</subfield>
  </datafield>
  <datafield tag="650" ind1=" " ind2=" ">
    <subfield code="a">Biodiversidad</subfield>
    <subfield code="9">92204</subfield>
  </datafield>
  <datafield tag="650" ind1=" " ind2=" ">
    <subfield code="a">Alternativas productivas</subfield>
    <subfield code="9">5789</subfield>
  </datafield>
  <datafield tag="650" ind1=" " ind2=" ">
    <subfield code="a">Impacto ambiental</subfield>
    <subfield code="9">92215</subfield>
  </datafield>
  <datafield tag="650" ind1=" " ind2=" ">
    <subfield code="a">Ordenamiento ambiental de predio</subfield>
    <subfield code="9">5790</subfield>
  </datafield>
  <datafield tag="942" ind1=" " ind2=" ">
    <subfield code="c">INFORME</subfield>
    <subfield code="2">z</subfield>
  </datafield>
  <datafield tag="945" ind1=" " ind2=" ">
    <subfield code="d">2008-09-09</subfield>
  </datafield>
  <datafield tag="999" ind1=" " ind2=" ">
    <subfield code="c">6559</subfield>
    <subfield code="d">6559</subfield>
  </datafield>
  <datafield tag="952" ind1=" " ind2=" ">
    <subfield code="0">0</subfield>
    <subfield code="1">0</subfield>
    <subfield code="2">z</subfield>
    <subfield code="4">0</subfield>
    <subfield code="7">0</subfield>
    <subfield code="8">HUMBOLDT</subfield>
    <subfield code="I">INV2017</subfield>
    <subfield code="a">Bogota</subfield>
    <subfield code="b">Bogota</subfield>
    <subfield code="d">2008-09-09</subfield>
    <subfield code="l">0</subfield>
    <subfield code="o">IAVH-01033</subfield>
    <subfield code="p">026377</subfield>
    <subfield code="r">2024-08-09 00:00:00</subfield>
    <subfield code="t">Ej. 1</subfield>
    <subfield code="w">2012-12-04</subfield>
    <subfield code="x">Dep&#xF3;sito Institucional</subfield>
    <subfield code="y">INFORME</subfield>
  </datafield>
</record>
